Primates in Movies Quiz Stats

 Plays Quiz Updated Jul 24, 2018

Score 0/18 Timer 06:00
2 Plays Today
% Correct
King Kong
97.9%
Tarzan
97.8%
The Jungle Book
97.8%
War for the Planet of the Apes
96.8%
The Lion King
95.9%
Aladdin
94.8%
The Wizard of Oz
94.8%
Raiders of the Lost Ark
94.6%
Ace Ventura: When Nature Calls
91.8%
% Correct
Babe: Pig in the City
91.1%
Kung Fu Panda
90.5%
The Hangover Part II
90.3%
Pirates of the Caribbean: Dead Men Tell No Tales
90.1%
Madagascar: Escape 2 Africa
89.9%
Curious George
77%
George of the Jungle
76.4%
Jay and Silent Bob Strike Back
62.7%
Zookeeper
44.4%

You're not logged in!

Compare scores with friends on all Sporcle quizzes.
OR
Log In

Sporcle TV

Today on Sporcle TV


Watch our educational content, quiz creation guides, and fun videos on Sporcle TV.

Show Comments

Extras

Top Quizzes Today


Score Distribution

Your Account Isn't Verified!

In order to create a playlist on Sporcle, you need to verify the email address you used during registration. Go to your Sporcle Settings to finish the process.

Report this User

Report this user for behavior that violates our Community Guidelines.

Details: